000 00637nam a2200241Ia 4500
003 OSt
005 20221005124503.0
006 a|||||r|||| 00| 0
007 ta
008 221004b |||||||| |||| 00| 0 tam d
024 _a49228
037 _cTextual
040 _aCRL
_cCRL
_btam
041 _2tam
_atam
082 _aO31,1(Y:351):g, N3
100 _aGunasekaran K. A. Au.
245 0 _aNaattupura nigazh kalaigal oru paarvai
260 _c1993
650 _a TAMIL POETRY
650 _aTAMIL LITERATURE
942 _hO31,1(Y:351):g, N3
_cTEXL
_2cc
999 _c1050641
_d1050641